| 000 | 00592nam a2200193Ia 4500 | ||
|---|---|---|---|
| 001 | 186 | ||
| 008 | 170206s1994 ii g b000 u bed u | ||
| 082 | _a891.49308 B | ||
| 100 |
_aBasumatari, Sukumar ., _eAuthor. |
||
| 245 | 0 |
_aAbbo abboni salo / _cSukumar Basumatari. _hTextual Documents |
|
| 260 |
_aKokrajhar(Assam) : _bBodo publication Board , _c1994. |
||
| 300 |
_ax,92p. ; _c22cm.. |
||
| 500 | _athis book written in Bodo language on Bodo short stories | ||
| 653 | _aBodo short stories | ||
| 653 | _aGen-Bodo | ||
| 653 | _aGen-Bodo | ||
| 653 | _aBodo story-collection | ||
| 942 |
_2ddc _cBK |
||
| 999 |
_c186 _d186 |
||